Statistics for Sun Belt College Logo Quiz

Click here to take the quiz!

General Stats

  • This quiz has been taken 30 times
  • The average score is 9 of 14

Answer Stats

Answer% Correct
James Madison Dukes
100%
Coastal Carolina Chanticleers
88%
Old Dominion Monarchs
88%
Troy Trojans
88%
Georgia St Panthers
75%
South Alabama Jaguars
71%
Arkansas St Red Wolves
67%
Texas St Bobcats
63%
Georgia Southern Eagles
54%
Marshall Thundering Herd
54%
Southern Miss Golden Eagles
54%
Appalachian St Mountaineers
46%
Louisiana Monroe Warhawks
29%
Louisiana Ragin Cajuns
25%

Score Distribution

Percentile by Number Answered

Percent of People with Each Score

Your Score History

You have not taken this quiz